Cuarto informe de actividades [de José Trinidad Padilla López] : 2004-2005 : cuaderno estadístico /

Сохранить в:
Библиографические подробности
Соавтор: Universidad de Guadalajara. Rector. 2001-2007 (Padilla López)
Другие авторы: Padilla López, José Trinidad (autor) (autor)
Формат:
Язык:испанский
Опубликовано: Guadalajara, México : Universidad de Guadalajara, 2005, c2005
Предметы:
Метки: Добавить метку
Нет меток, Требуется 1-ая метка записи!

MARC

LEADER 00000nam^a2200000^a^4500
001 000177118
005 20250521000000.0
009 20260310101704.653
020 |a 970-27-0492-8 
037 |a Acervo ITESO - Biblioteca 
041 |a ESP 
082 |a 378. 72352  |b UNI UdeG-ir 2005 V. 2 
110 |a Universidad de Guadalajara.  |b Rector. 2001-2007 (Padilla López) 
240 1 1 |a [Informe de Rector] 
240 1 1 |a [Cuarto informe de actividades de José Trinidad Padilla López] 
245 1 0 |a Cuarto informe de actividades [de José Trinidad Padilla López] :  |b 2004-2005 : cuaderno estadístico /  |c J.T. Padilla López. 
264 4 |a Guadalajara, México :  |b Universidad de Guadalajara,  |c 2005, c2005 
300 |a 645 p. 
336 |a texto  |b txt  |2 rdacontenido 
337 |a sin mediación  |b n  |2 rdamedio 
338 |a volumen  |b nc  |2 rdasoporte 
530 |a Existe una edición en formato digital en disco con el título: Cuarto informe de actividades [de José Trinidad Padilla López]: 2004-2005: mensaje 
610 |a Universidad de Guadalajara 
649 |a XX 
650 |a Rectores Jaliscienses -  |x Informes 
650 |a Rectores Mexicanos -  |x Informes 
650 |a Autoridades Escolares -  |z Guadalajara, Jalisco -  |x Informes 
650 |a Autoridades Escolares -  |z México -  |x Informes 
650 |a Administración Educativa -  |z Guadalajara, Jalisco 
650 |a Administración Educativa -  |z México 
650 |a Universidades Públicas -  |z Guadalajara, Jalisco 
650 |a Universidades Públicas -  |z Jalisco 
650 |a Universidades Públicas -  |z México 
650 |a Instituciones Educativas -  |z Guadalajara, Jalisco 
650 |a Instituciones Educativas -  |z Jalisco 
650 |a Instituciones Educativas -  |z México 
650 |a Educación Pública -  |z Guadalajara, Jalisco 
650 |a Educación Pública -  |z Jalisco 
650 |a Educación Pública -  |z México 
650 |a Educación Superior -  |z Guadalajara, Jalisco -  |x Historia -  |y 2000-2006 
650 |a Educación Superior -  |z Guadalajara, Jalisco -  |y Siglo XXI 
650 |a Educación Superior -  |z Jalisco -  |x Historia -  |y 2000-2006 
650 |a Educación Superior -  |z Jalisco -  |x Historia -  |y Siglo XXI 
650 |a Educación Superior -  |z México -  |x Historia -  |y 2000-2006 
650 |a Educación Superior -  |z México -  |x Historia -  |y Siglo XXI 
700 |a Padilla López, José Trinidad  |e (autor) 
910 |a Fondo General 
920 |a Impresos - Libros 
930 |a Obras de Referencia 
905 |a 102 
901 |a 0500115358  |b IT2  |c REF  |u 20250521 
902 |a https://opac.biblio.iteso.mx/vufind/Record/000177118